| 000 | 01562cam a2200541 4500 | ||
|---|---|---|---|
| 003 | PE-LiUPU | ||
| 005 | 20250731170501.0 | ||
| 020 | _a8425418968 | ||
| 035 | _a(Sirsi) i9788425418969 | ||
| 035 | _a(Sirsi) 20579 | ||
| 035 | _a(Sirsi) 20579 | ||
| 041 | _aes | ||
| 044 | _aes | ||
| 082 | 0 | 4 |
_a125 _bD96 |
| 100 | 1 | _aDrewermann, Eugen | |
| 245 |
_aGiordano Bruno o El Espejo del Infinito / _cEugen Drewermann. |
||
| 264 | 1 |
_aBarcelona : _bHerder, _c1995 |
|
| 300 |
_a363 páginas ; _c21 cm. |
||
| 505 | 0 | _aHojas al viento -- Golondrinas sobre la ciudad -- El plano inclinado -- La perdiz -- Estrellas fugaces -- Un príncipe estrusco -- Abedules garzos -- Epílogo: El cielo abierto. | |
| 526 | _aSEG68 | ||
| 526 | _aSEG70 | ||
| 526 | _aSEG69 | ||
| 526 | _aSEG67 | ||
| 526 | _aSEG43 | ||
| 526 | _aP144 | ||
| 526 | _aP143 | ||
| 526 | _aP131 | ||
| 526 | _aP122 | ||
| 526 | _aP120 | ||
| 526 | _aP117 | ||
| 526 | _aP112 | ||
| 526 | _aP110 | ||
| 526 | _aP106 | ||
| 526 | _aP101 | ||
| 526 | _aP80 | ||
| 526 | _aP59 | ||
| 526 | _aP54 | ||
| 526 | _aP35 | ||
| 526 | _aP33 | ||
| 526 | _aP30 | ||
| 700 | 1 |
_aBruno Giordano _d1548-1600 |
|
| 942 |
_2ddc _cBOOK |
||
| 949 |
_a125 D96 _i43485 _lCCODEBUL1 _mBUL _tLIBRO _o.STAFF. Circulación |
||
| 859 |
_q43485 _h125 _iD96 |
||
| 910 | _aaj-em | ||
| 596 | _a1 | ||
| 999 |
_a125 D96 _wDEWEY _c61456 _i43485 _f2021-11-4 _g5 _lCCODEBUL1 _mBUL _r0 _sY _tBOOK _u2015-6-16 _xBIBLIOTECA _zUNKNOWN _0COMPRA _o.STAFF. Colección General _d61456 |
||
| 980 |
_81 _gALBERTO SANCHEZ Responsable de Automatización |
||